| 000 | 00927nam a22002177a 4500 | ||
|---|---|---|---|
| 999 |
_c62570 _d62570 |
||
| 003 | Ge_BSU | ||
| 005 | 20241209145234.0 | ||
| 008 | 241209s2006 ge ||||| |||| 00| 0 geo d | ||
| 020 | _a9789941140235 | ||
| 041 | _ageo | ||
| 080 | _a54(075.8) პ-33 | ||
| 100 |
_aპეტრიაშვილი, ჟ. _923914 |
||
| 245 |
_aზოგადი ქიმია : _b [სახელმძღვ. სტუ-ს არაქიმ. სპეც. სტუდ.] / _cჟ. პეტრიაშვილი |
||
| 264 |
_aთბილისი : _bტექნ. უნ-ტი, _c2006. |
||
| 300 |
_a140 გვ. : _bნახ., ცხ. ; _c20 სმ. |
||
| 504 | _aბიბლიოგრ.: გვ. 137-138. | ||
| 653 | _aზოგადი ქიმია | ||
| 653 | _aქიმია | ||
| 710 |
_aსაქართველოს ტექნიკური უნივერსიტეტი _923916 |
||
| 942 |
_2udc _cBK |
||